Artist By Song - Retro 2000-24 Meme Songs 8 (3501-4000) - Statistics

General Stats
  • This quiz has been taken 43 times
  • The average score is 112 of 500
Answer Stats
Hint Answer % Correct
All Too Well (10 Minute Version) | Enchanted | Haunted - Acoustic | +5 others Taylor Swift
78%
Symphony No. 5 | Symphony No. 9 Ludwig van Beethoven
70%
...Baby One More Time Britney Spears
67%
Tone Deaf Eminem
67%
Shallow Lady Gaga
67%
Hello Hello Elton John
63%
Smokin Out The Window Silk Sonic
63%
Easy On Me Adele
59%
Happier Than Ever | ocean eyes | you should see me in a crown Billie Eilish
59%
Count on Me | Grenade - Acoustic | Talking to the Moon | Versace on the Floor Bruno Mars
59%
As It Was Harry Styles
59%
All Falls Down | Can't Tell Me Nothing | Champion | +14 others Kanye West
59%
Running Up That Hill (A Deal With God) Kate Bush
59%
The Rake Hornpipe Robert White
59%
Hypnotize | Juicy | Mo Money Mo Problems The Notorious B.I.G.
59%
Every Teardrop Is a Waterfall | Fix You Coldplay
56%
About Damn Time Lizzo
56%
Little Lion Man Mumford & Sons
56%
Unfaithful Rihanna
56%
Plowed Sponge
56%
Drunk in Love Beyonce
52%
These Boots Are Made for Walkin' Nancy Sinatra
52%
Heart-Shaped Box | Something In The Way Nirvana
52%
West End Girls Pet Shop Boys
52%
Campfire Song Song | Doing The Sponge | Don't Be A Jerk (It's Christmas) | +7 others Spongebob Squarepants
52%
Here I Go Again Whitesnake
52%
Angeleyes | Slipping Through My Fingers ABBA
48%
Bad Habits | Shivers Ed Sheeran
48%
Everything Is Not As It Seems | Shake It Up Selena Gomez
48%
Come & Get It | Love You Like A Love Song | Naturally Selena Gomez & The Scene
48%
WHOLE LOTTA MONEY BIA
44%
Ain't Shit | Boss Bitch | Woman | Your Right Doja Cat
44%
Kodachrome Paul Simon
44%
Dance of the Sugar Plum Fairy | The Nutcracker Pyotr Ilyich Tchaikovsky
44%
Soak Up The Sun Sheryl Crow
44%
The Four Season Antonio Vivaldi
41%
the light is coming Ariana Grande
41%
Stand By Me Ben E. King
41%
Chicago Freestyle | Still Here | Way 2 Sexy Drake
41%
First Class | I WANNA SEE SOME ASS Jack Harlow
41%
You've Got a Friend in Me Randy Newman
41%
Un-Break My Heart Toni Braxton
41%
I Just Threw Out The Love Of My Dreams | Undone - The Sweater Song Weezer
41%
S.I.M.P. (Squirrels in My Pants) 2 Guys n the Parque
37%
505 Arctic Monkeys
37%
Raindrops Keep Fallin' On My Head BJ Thomas
37%
Busted Candace and Vanessa
37%
Backyard Beach Ferb
37%
Breaking Free | We're All In This Together High School Musical Cast
37%
Let It Go Idina Menzel
37%
White Rabbit Jefferson Airplane
37%
F*ck Your Ethnicity | FEEL. | Father Time | +9 others Kendrick Lamar
37%
You Snuck Your Way Right Into My Heart Love Handel
37%
Mean $NOT
37%
brutal Olivia Rodrigo
37%
Ain't Got Rhythm Phineas and Sherman
37%
Born To Be A Winner | I Want To Be A Hero | Pokemon Johto | +3 others Pokemon
37%
Perry the Platypus Theme Randy Crenshaw
37%
Bottoms Up Trey Songz
37%
Cigarette Daydream Cage The Elephant
33%
Baby Elephant Walk | Pink Panther Theme Henry Mancini
33%
4:44 JAY-Z
33%
Primadonna MARINA
33%
Ghostbusters Ray Parker Jr.
33%
Scarborough Fair Simon & Garfunkel
33%
Crip Ya Enthusiasm Snoop Dogg
33%
Anna (Go To Him) The Beatles
33%
96 Tears ? & The Mysterians
33%
There Is a Light That Never Goes Out The Smiths
33%
Thomas Theme Thomas & Friends
33%
Learning To Fly Tom Petty and the Heartbreakers
33%
Talking Body Tove Lo
33%
Ordinary World Duran Duran
30%
Here Comes the Rain Again Eurythmics
30%
L.A.LOVE (la la) Fergie
30%
Glorious Macklemore
30%
Thot Shit Megan Thee Stallion
30%
Troublemaker Olly Murs
30%
Leather and Lace | Stand Back Stevie Nicks
30%
How Bad Can I Be? | Let It Grow The Lorax Singers
30%
Because I Got High | Crazy Rap (Colt 45 & 2 Zig Zags) Afroman
26%
My Prerogative Bobby Brown
26%
Three Times A Lady Commodores
26%
Rhinestone Eyes Gorillaz
26%
Enemy Imagine Dragons
26%
All Girls Are The Same | Wasted Juice WRLD
26%
Black Horse And The Cherry Tree KT Tunstall
26%
Break Stuff Limp Bizkit
26%
Bad Girls M.I.A.
26%
Kiss You One Direction
26%
No Surprises Radiohead
26%
Tom's Diner Suzanne Vega
26%
Let It Happen | One More Hour Tame Impala
26%
Meet Me At Our Spot THE ANXIETY
26%
Long Cool Woman (In a Black Dress) The Hollies
26%
In Your Eyes The Weeknd
26%
Fairly Local | Heavydirtysoul | Jumpsuit | +2 others Twenty One Pilots
26%
FEFE | KEKE 6ix9ine
22%
16 | Baby Keem | booman | +3 others Baby Keem
22%
Born To Be My Baby Bon Jovi
22%
Circle of Life Carmen Twilie
22%
I Can't Stop Myself (Sugar Pie, Honey Bunch) Four Tops
22%
Can't Take My Eyes off You Frankie Valli
22%
F*ck Up Some Commas Future
22%
Bubble Pop Electric | Luxurious Gwen Stefani
22%
forget me too | love race | my ex's best friend Machine Gun Kelly
22%
Leave It All To Me Miranda Cosgrove
22%
Cash In Cash Out | Hug Me Pharrell Williams
22%
Go2DaMoon | JumpOutTheHouse | M3tamorphosis | +4 others Playboi Carti
22%
You Keep Me Hanging On The Supremes
22%
Tip Toe Thru' the Tulips with Me Tiny Tim
22%
WUSYANAME Tyler, The Creator
22%
WWE: Here Comes the Money (Shane McMahon) WWE
22%
Revenge XXXTENTACION
22%
Ginseng Strip 2002 Yung Lean
22%
Tin Man America
19%
Big Bang Theory Theme Barenaked Ladies
19%
Memories David Guetta
19%
Lost in the Fire Gesaffelstein
19%
The Heat Is On Glenn Frey
19%
Glimpse of Us Joji
19%
Call to Adventure | Carefree | Fluffing a Duck | +10 others Kevin MacLeod
19%
THATS WHAT I WANT Lil Nas X
19%
MONEY LISA
19%
crossing field - english ver LiSA
19%
One Metallica
19%
Mama | You Know What They Do to Guys Like Us in Prison My Chemical Romance
19%
Chip 'n Dale Rescue Rangers Theme | Feeling Whitney Post Malone
19%
Rick & Morty | Yahhh! Soulja Boy
19%
Bad Habit Steve Lacy
19%
She's so High Tal Bachman
19%
The Duck Song The Duck
19%
I Jus Had Sex The Lonely Island
19%
I'll Be There for You - Theme from Friends The Rembrandts
19%
The Avengers Alan Silvestri
15%
Monster Mash Bobby "Boris" Pickett
15%
POCKET ROCKET | Tell Em Cochise
15%
We're Good Dua Lipa
15%
Tonight, Tonight Genesis
15%
Both | Wake Up in the Sky Gucci Mane
15%
Surprise Symphony Joseph Haydn
15%
Knock You Down Keri Hilson
15%
love. Kid Cudi
15%
7AM | Homecoming | Neon Guts Lil Uzi Vert
15%
The Spins Mac Miller
15%
Hoe Cakes | Rapp Snitch Knishes MF DOOM
15%
Swang | This Could Be Us Rae Sremmurd
15%
You're Sixteen Ringo Starr
15%
Brave Sara Bareilles
15%
Best Friend Saweetie
15%
Every Morning Sugar Ray
15%
Breathless The Corrs
15%
Unity | Xenogenesis TheFatRat
15%
The Rubberband Man The Spinners
15%
Dark Knight Dummo | Holy Smokes | Matt Hardy 999 | Super Cell Trippie Redd
15%
Bett y(Get Money) | Martha Stewart Yung Gravy
15%
Even the Nights Are Better Air Supply
11%
Bananza (Belly Dancer) Akon
11%
The Spectre Alan Walker
11%
Slumber Party Ashnikko
11%
Luxury Azealia Banks
11%
Today is Gonna be a Great Day Bowling For Soup
11%
Ready or Not Bridgit Mendler
11%
Got to Be Real Cheryl Lynn
11%
Heartbeat Childish Gambino
11%
Major Bag Alert DJ Khaled
11%
Banking On Me | P power | pushin P Gunna
11%
Nobody's Perfect Hannah Montana
11%
Journey Like a Thousand Years Hololive English - Myth
11%
Over the Rainbow Israel Kamakawiwo'ole
11%
Reet Petite Jackie Wilson
11%
a m a r i | p r i d e . i s . t h e . d e v i l J. Cole
11%
Time in a Bottle Jim Croce
11%
Dancing in the Moonlight King Harvest
11%
Bang Bang | Wavin' Flag K'NAAN
11%
nuts Lil Peep
11%
Cult of Personality Living Colour
11%
Why Can't I? Liz Phair
11%
Dreams and Nightmares Meek Mill
11%
Animal Neon Trees
11%
Mr. Telephone Man New Edition
11%
Drunk And Nasty Pi'erre Bourne
11%
Pain PinkPantheress
11%
Another Night Real McCoy
11%
Never Gonna Let You Go Segio Mendes
11%
The Home Depot Beat The Home Depot
11%
My Ordinary Life The Living Tombstone
11%
Peaches The Presidents Of The United States Of America
11%
I Love You So The Walters
11%
Attack of the Killer Queen Toby Fox
11%
Take A Hint Victorious Cast
11%
Your Woman White Town
11%
Rake It Up Yo Gotti
11%
Heaven and Hell Is on Earth 20th Century Steel Band
7%
It's On Again Alicia Keys
7%
Fly N Ghetto | Lit Right Now Ayo & Teo
7%
Sports Beach Bunny
7%
Aria Math C418
7%
Tek It Cafune
7%
Over Now Calvin Harris
7%
Revenge Captainsparkelz
7%
Hot Shower Chance The Rapper
7%
Call Me, Beep Me Christina Milian
7%
Alkatraz | American Saikoro | Astronaut | +10 others DEMONDICE
7%
Bird Machine | U Are My High DJ Snake
7%
Can't Feel My Legs Don Toliver
7%
I Found A Way Drake Bell
7%
Love Grows (Where My Rosemary Goes) Edison Lighthouse
7%
Simple And Clean Hikaru Utada
7%
let you iann dior
7%
Be OK Ingrid Michaelson
7%
Punk Tactics Joey Valence
7%
ENVY BABY | KING Kanaria
7%
Lemon Kenshi Yonezu
7%
On Me | Ready Lil Baby
7%
Just A Gigolo / I Ain't Got Nobody Louis Prima
7%
You'll Never Find Another Love Like Mine Lou Rawls
7%
CYBERNETIC ONLINE MASSACRE | INTERGALACTIC IDOLS | MAIN PROTAGONIST | +2 others Louverture
7%
This Is Why I'm Hot MiMS
7%
Breakin' My Heart (Pretty Brown Eyes) Mint Condition
7%
Who Want Smoke?? Nardo Wick
7%
Sunroof Nicky Youre
7%
Bad Man (Smooth Criminal) Polo G
7%
Lady Of The Dark | Rorke's Drift | Shiroyama | +2 others Sabaton
7%
Set It All Free Scarlett Johansson
7%
Fly Robin Fly Silver Convention
7%
First of the Year (Equinox) Skrillex
7%
Beat Box 3 SpotemGottem
7%
Two of Hearts Stacey Q
7%
GUY.exe Superfruit
7%
Little Willy Sweet
7%
Boogie Woogie Bugle Boy The Andrews Sisters
7%
It's Your Thing | That Lady The Isley Brothers
7%
Messages from the Stars The Rah Band
7%
The Lion Sleeps Tonight The Tokens
7%
Surfin' Bird The Trashmen
7%
Lolita The Veronicas
7%
Half On a Sack Three 6 Mafia
7%
Dub | Rich Minion | Sorry Bout That Yeat
7%
YKWIM? Yot Club
7%
My Shit A Boogie Wit da Hoodie
4%
CROWN BOOGEY VOXX
4%
O Fortuna Carl Orff
4%
BLOODY STREAM Coda
4%
This Side of Paradise Coyote Theory
4%
I Am... All Of Me Crush 40
4%
Robot Rock Daft Punk
4%
You Ain't No Better Than Me DAVE BING 118th
4%
A Thousand Miles (Cover) Dream on Dreamer
4%
In A Sentimental Mood Duke Ellington
4%
Home Edward Sharpe & The Magnetic Zeros
4%
You Are the Woman Firefall
4%
City of Gods Fivio Foreign
4%
Bamboleo Gipsy Kings
4%
Play Dice! Hakos Baelz
4%
神様はじめました (Nice To Meet You, God) Hanae
4%
Temptation Sensation (Main Theme) Heinz Kiessling
4%
Caesura of Despair | Only in Hope IRyS
4%
Wat's Wrong Isaiah Rashad
4%
THE HERO !! ~怒れる拳に火をつけろ~ JAM Project
4%
DIVE IN! JELEEL!
4%
TO THE MOON JNR CHOI
4%
Looking Out for You Joy Again
4%
Join Us for a Bite JT Music
4%
Entry Of The Gladiators Julius Fucik
4%
Lobby Music Kahoot!
4%
Beethoven Kenndog
4%
I'd Rather Sleep Kero Kero Bonito
4%
Thinking with My Dick Kevin Gates
4%
ゲラゲラポーのうた (Gera Gera Po) King Cream Soda
4%
One Minute Krewella
4%
Hypotheticals Lake Street Dive
4%
22 Lil Candy Paint
4%
Rocking A Cardigan in Atlanta lil Shordie Scott
4%
Monster LUM!X
4%
DADDY ! DADDY ! DO ! Masayuki Suzuki
4%
Before I Knew It Mason Ramsey
4%
At Doom's Gate | Rip & Tear Mick Gordon
4%
ロキ (Roki) Mikito P
4%
Cursed Night | Graveyard Shift | The Grim Reaper is a Live-Streamer | +3 others Mori Calliope
4%
After Dark Mr.Kitty
4%
Not Around Nova
4%
Forget Me Nots Patrice Rushen
4%
マシュ・ケ・ナダ (Mas que Nada) Pink Martini
4%
Build Your Kingdom Here | My Lighthouse Rend Collective
4%
Television / So Far So Good Rex Orange County
4%
12 Stout Street Rx Papi
4%
Space Trip Steps ...for Meteor Herd | Unknown from M.E. SEGA SOUND TEAM
4%
Owo You're so Warm Senzawa
4%
Spring In My Step Silent Partner
4%
Mrs Magic Strawberry Guy
4%
Face Off Tech N9ne
4%
Lights, Camera, Action! - Studiopolis Zone Act 1 Tee Lopes
4%
Free Ride The Edgar Winters Group
4%
Sooner Or Later The Grass Roots
4%
Notion The Rare Occasions
4%
Fair Chance Thundercat
4%
Candyland Tobu
4%
Bonse Aba Traditional
4%
The Feels TWICE
4%
SUICIDE YEAR WEEDMANE
4%
Soul Train YBN Nahmir
4%
Right Foot Creep | Ryte Night YoungBoy Never Broke Again
4%
Hell Shell Young Nudy
4%
again YUI
4%
No Tiene La Culpa Batum
0%
Live Tonight Cheryl
0%
Want me! Cl4pers
0%
Ke Cap Gap Ba Gia DJ Soju
0%
✧₊⁎❝᷀ົཽ*ೃƪ❍⊁ƪ❍⊁༽ৣৢ؞ৢ؞ؖ ཥ ⣎⡇ꉺლ༽இ•̛)ྀ◞ ༎ຶ ༽ৣৢ؞ৢ؞ؖ ꉺლ (Four Tet)
0%
Rockefeller Street Getter Jaani
0%
I Wanna Ride It (Vegas) Hiko
0%
Holdin' On I See MONSTAS
0%
Jump JPRO
0%
Marlboro Nights Lonley God
0%
Monster Meg & Dia
0%
Murders Miracle Musical
0%
Nuestra Cancion Monsieur Perine
0%
я буду ебать (I Will Fuck) Moreart
0%
Believe Me Navos
0%
Better Days NEIKED
0%
哀しいくらい (Pathetic) Off Course
0%
Never Let You Go Omoinotake
0%
Intro RTB MB
0%
Shout Baby Ryokuoushoku Shakai
0%
Camel by Camel Sandy Marton
0%
The Warrior Song Sean Householder
0%
Kindan no Telepathy Shizuka Kudo
0%
Antisocial Slump6s
0%
ily (i love you baby) Surf Mesa
0%
Dumb Ways to Die Tangerine Kitty
0%
すきっ! (Suki!) Tokimeki Sendenbu
0%
Young Vacations
0%
群青 (Ultramarine) YOASOBI
0%
FDB Young Dro
0%
No matching quizzes found
Score Distribution
Percent of People with Each Score
Percentile by Number Answered
Your Score History
You have not taken this quiz